LIBRARY & INFORMATION CENTRE, KCAET, TAVANUR

ONLINE PUBLIC ACCESS CATALOGUE (OPAC)

Conguest of violence the gandhian philosophy of conflict / (Record no. 2538)

MARC details
000 -LEADER
fixed length control field 00449cam a2200169ua 4500
041 ## - LANGUAGE CODE
Language code of text/sound track or separate title eng
082 ## - DEWEY DECIMAL CLASSIFICATION NUMBER
Classification number 320.58
Item number baN/ Co
100 ## - MAIN ENTRY--AUTHOR NAME
Personal name Bandarant, Joan V .
245 00 - TITLE STATEMENT
Title Conguest of violence the gandhian philosophy of conflict /
260 ## - PUBLICATION, DISTRIBUTION, ETC. (IMPRINT)
Place of publication Bombay :
Name of publisher Oxford university ,
Year of publication 1959.
300 ## - PHYSICAL DESCRIPTION
Number of Pages 265 ; .
942 ## - ADDED ENTRY ELEMENTS (KOHA)
Koha item type Books
Holdings
Withdrawn status Lost status Damaged status Home library Current library Date acquired Cost, normal purchase price Full call number Accession Number Koha item type
Withdrawn     KAUAET KAUAET 07/04/2012 10.00 320.58 3079 Books
free website counter